书目信息 |
| 题名: |
金属矿山采矿设计优化与地压控制
|
|
| 作者: | 蔡美峰 著 | |
| 分册: | ||
| 出版信息: | 北京 科学出版社 2001.04 |
|
| 页数: | 310页 | |
| 开本: | 21cm | |
| 丛书名: | ||
| 单 册: | ||
| 中图分类: | TD85 | |
| 科图分类: | ||
| 主题词: | 金属矿开采--jin shu kuang kai cai--最优设计 , 金属矿开采--jin shu kuang kai cai--矿山压力--控制--研究 | |
| 电子资源: | ||
| ISBN: | 7-03-009219-8 | |
| 000 | 00967nam0 2200253 450 | |
| 001 | 012007902840 | |
| 005 | 20071010110624.65 | |
| 010 | @a7-03-009219-8@b精装@dCNY26.00 | |
| 100 | @a20070806d2001 km y0chiy0120 ea | |
| 101 | 0 | @achi |
| 102 | @aCN@b110000 | |
| 105 | @aa a 000yy | |
| 200 | 1 | @a金属矿山采矿设计优化与地压控制@Ajin shu kuang shan cai kuang she ji you hua yu di ya kong zhi@e理论与实践@f蔡美峰著@Fcai mei feng zhu |
| 210 | @a北京@c科学出版社@d2001.04 | |
| 215 | @a310页@c图@d21cm | |
| 320 | @a有书目 (第302-310页)。 | |
| 330 | @a本书简要介绍了当前我国金属采矿面临的主要问题和应采取的对策,系统阐述了金属矿山采矿设计优化和矿山地压控制的基本思想、理论和方法等。 | |
| 517 | 1 | @a理论与实践@Ali lun yu shi jian |
| 606 | 0 | @a金属矿开采@Ajin shu kuang kai cai@x最优设计 |
| 606 | 0 | @a金属矿开采@Ajin shu kuang kai cai@x矿山压力@x控制@x研究 |
| 690 | @aTD85@v4 | |
| 701 | 0 | @a蔡美峰@Acai mei feng@4著 |
| 801 | 0 | @aCN@c20071010 |
| 905 | @dTD85@eC041 | |
| 金属矿山采矿设计优化与地压控制:理论与实践/蔡美峰著.-北京:科学出版社,2001.04 |
| 310页:图;21cm |
| ISBN 7-03-009219-8(精装):CNY26.00 |
| 本书简要介绍了当前我国金属采矿面临的主要问题和应采取的对策,系统阐述了金属矿山采矿设计优化和矿山地压控制的基本思想、理论和方法等。 |
| ● |
| 相关链接 |
|
|
|
正题名:金属矿山采矿设计优化与地压控制
索取号:TD85/C041
 
预约/预借
| 序号 | 登录号 | 条形码 | 馆藏地/架位号 | 状态 | 备注 |
| 1 | 253902 | 202539020 | 自科二线504/504自科库 41排1列6层/ [索取号:TD85/C041] | 在馆 | |
| 2 | 253903 | 202539039 | 自科库501/501自科库 21排4列5层/ [索取号:TD85/C041] | 在馆 | |
| 3 | 253904 | 202539048 | 期刊室512/501自科库 21排4列5层/ [索取号:TD85/C041] | 在馆 |